<?xml version="1.0" encoding="UTF-8"?><?xml-stylesheet type="text/xsl" href="static/style.xsl"?><OAI-PMH xmlns="http://www.openarchives.org/OAI/2.0/" xmlns:xsi="http://www.w3.org/2001/XMLSchema-instance" xsi:schemaLocation="http://www.openarchives.org/OAI/2.0/ http://www.openarchives.org/OAI/2.0/OAI-PMH.xsd"><responseDate>2026-04-29T23:03:51Z</responseDate><request verb="GetRecord" identifier="oai:repisalud.isciii.es:20.500.12105/26504" metadataPrefix="marc">https://repisalud.isciii.es/rest/oai/request</request><GetRecord><record><header><identifier>oai:repisalud.isciii.es:20.500.12105/26504</identifier><datestamp>2025-12-18T12:59:38Z</datestamp><setSpec>com_20.500.12105_2052</setSpec><setSpec>com_20.500.12105_2051</setSpec><setSpec>com_20.500.12105_15322</setSpec><setSpec>col_20.500.12105_19609</setSpec><setSpec>col_20.500.12105_16972</setSpec><setSpec>col_20.500.12105_16986</setSpec></header><metadata><record xmlns="http://www.loc.gov/MARC21/slim" xmlns:dcterms="http://purl.org/dc/terms/" xmlns:doc="http://www.lyncode.com/xoai" xmlns:xsi="http://www.w3.org/2001/XMLSchema-instance" xsi:schemaLocation="http://www.loc.gov/MARC21/slim http://www.loc.gov/standards/marcxml/schema/MARC21slim.xsd">
   <leader>00925njm 22002777a 4500</leader>
   <datafield ind2=" " ind1=" " tag="042">
      <subfield code="a">dc</subfield>
   </datafield>
   <datafield ind2=" " ind1=" " tag="720">
      <subfield code="a">Plans-Rubió, Pedro</subfield>
      <subfield code="e">author</subfield>
   </datafield>
   <datafield ind2=" " ind1=" " tag="720">
      <subfield code="a">Pericas, Carles</subfield>
      <subfield code="e">author</subfield>
   </datafield>
   <datafield ind2=" " ind1=" " tag="720">
      <subfield code="a">Avellón, Ana</subfield>
      <subfield code="e">author</subfield>
   </datafield>
   <datafield ind2=" " ind1=" " tag="720">
      <subfield code="a">Izquierdo, Concepción</subfield>
      <subfield code="e">author</subfield>
   </datafield>
   <datafield ind2=" " ind1=" " tag="720">
      <subfield code="a">Martínez, Ana</subfield>
      <subfield code="e">author</subfield>
   </datafield>
   <datafield ind2=" " ind1=" " tag="720">
      <subfield code="a">Torner, Núria</subfield>
      <subfield code="e">author</subfield>
   </datafield>
   <datafield ind2=" " ind1=" " tag="720">
      <subfield code="a">Martínez, Alejandro</subfield>
      <subfield code="e">author</subfield>
   </datafield>
   <datafield ind2=" " ind1=" " tag="720">
      <subfield code="a">Borràs, Eva</subfield>
      <subfield code="e">author</subfield>
   </datafield>
   <datafield ind2=" " ind1=" " tag="720">
      <subfield code="a">Roig, Francisco</subfield>
      <subfield code="e">author</subfield>
   </datafield>
   <datafield ind2=" " ind1=" " tag="720">
      <subfield code="a">Godoy, Pere</subfield>
      <subfield code="e">author</subfield>
   </datafield>
   <datafield ind2=" " ind1=" " tag="720">
      <subfield code="a">Rius, Cristina</subfield>
      <subfield code="e">author</subfield>
   </datafield>
   <datafield ind2=" " ind1=" " tag="260">
      <subfield code="c">2024-06-11</subfield>
   </datafield>
   <datafield ind2=" " ind1=" " tag="520">
      <subfield code="a">The aim of this study was to evaluate and compare hepatitis A outbreak-associated healthcare and epidemiological surveillance costs in Spain in two types of autonomous regions during 2010-2018: (1) regions with a prevention strategy based on universal hepatitis A vaccination of children and vaccination of high-risk population groups (Catalonia) and (2) regions with a prevention strategy based on vaccinating high-risk population groups (Castile and Leon, Murcia, Navarra, Community of Madrid, Community of Valencia). Healthcare costs were determined based on the resources used to treat hepatitis A outbreak-associated cases and hospitalizations. Epidemiological surveillance costs were calculated from the resources used during surveillance activities. The ratios for total, healthcare and epidemiological surveillance costs (regions without universal hepatitis A vaccination of children vs. Catalonia) were used to compare the two hepatitis A prevention strategies. From 2010 to 2018, the total, healthcare and epidemiological surveillance costs per million population were 1.75 times (EUR 101,671 vs. EUR 58,032), 1.96 times (EUR 75,500 vs. EUR 38,516) and 1.34 times greater (EUR 26,171 vs. EUR 19,515) in regions without universal hepatitis A vaccination of children than in Catalonia, respectively. The ratios tended to increase over time during 2010-2018. In 2015-2018, total, healthcare and epidemiological surveillance costs per million population were 2.68 times (EUR 69,993 vs. EUR 26,158), 2.86 times (EUR 53,807 vs. EUR 18,825) and 2.21 times greater (EUR 16,186 vs. EUR 7333) in regions without universal hepatitis A vaccination of children than in Catalonia, respectively. These findings suggest that universal hepatitis A vaccination of children could reduce hepatitis A outbreak-associated costs.</subfield>
   </datafield>
   <datafield ind1="8" ind2=" " tag="024">
      <subfield code="a">Plans-Rubió P, Pericas C, Avellon AM, Izquierdo C, Martínez A, Torner N, Martínez A, Borrás E, Roig F, Godoy P, Rius C. Healthcare and Epidemiological Surveillance Costs of Hepatitis A Outbreaks in Spain in Regions with and without Universal Hepatitis A Vaccination of Children during 2010-2018. Vaccines (Basel). 2024 Jun 11;12(6):648.</subfield>
   </datafield>
   <datafield ind1="8" ind2=" " tag="024">
      <subfield code="a">10.3390/vaccines12060648</subfield>
   </datafield>
   <datafield ind1="8" ind2=" " tag="024">
      <subfield code="a">2076-393X</subfield>
   </datafield>
   <datafield ind1="8" ind2=" " tag="024">
      <subfield code="a">Vaccines (Basel)</subfield>
   </datafield>
   <datafield ind1="8" ind2=" " tag="024">
      <subfield code="a">38932377</subfield>
   </datafield>
   <datafield ind1="8" ind2=" " tag="024">
      <subfield code="a">https://hdl.handle.net/20.500.12105/26504</subfield>
   </datafield>
   <datafield tag="653" ind2=" " ind1=" ">
      <subfield code="a">Epidemiological surveillance costs</subfield>
   </datafield>
   <datafield tag="653" ind2=" " ind1=" ">
      <subfield code="a">Healthcare costs</subfield>
   </datafield>
   <datafield tag="653" ind2=" " ind1=" ">
      <subfield code="a">Hepatitis A outbreak-associated costs</subfield>
   </datafield>
   <datafield tag="653" ind2=" " ind1=" ">
      <subfield code="a">Hepatitis A outbreaks</subfield>
   </datafield>
   <datafield tag="653" ind2=" " ind1=" ">
      <subfield code="a">Hepatitis A prevention</subfield>
   </datafield>
   <datafield tag="653" ind2=" " ind1=" ">
      <subfield code="a">Hepatitis A vaccine</subfield>
   </datafield>
   <datafield ind2="0" ind1="0" tag="245">
      <subfield code="a">Healthcare and Epidemiological Surveillance Costs of Hepatitis A Outbreaks in Spain in Regions with and without Universal Hepatitis A Vaccination of Children during 2010-2018</subfield>
   </datafield>
</record></metadata></record></GetRecord></OAI-PMH>